| 000 | 00000nam##2200000za#4500 |
| 001 | 9.640863 |
| 003 | CaOODSP |
| 005 | 20210624222858 |
| 007 | cr ||||||||||| |
| 008 | 150407|2006||||xxc|||||o f|0| 0 fre|d |
| 040 | |aCaOODSP|bfre |
| 043 | |an-cn--- |
| 086 | 1 |aH174-36/2006F-PDF |
| 110 | 1 |aCanada.|bConseil canadien de la santé. |
| 245 | 10|aAu-delà des bonnes intentions - accélérer le dossier de santé électronique au Canada : |h[ressource électronique]|brésumé des grands thèmes et des perceptions - Conférence tenue du 11 au 13 juin 2006, Montebello (Québec) |
| 260 | |aToronto - Ontario : |bConseil canadien de la santé |c[2006]. |
| 300 | |a11p.|btableaux |
| 500 | |a"Sommaire" |
| 590 | |a12-39-Supp|b2012-10-11 |
| 691 | 07|aRégime de soins de santé|2gcpds |
| 691 | 07|aDossier médical|2gcpds |
| 775 | 08|tBeyond good intentions - accelerating the Electronic Health Record in Canada : |w(CaOODSP)9.696756 |
| 856 | 40|ahttp://publications.gc.ca|qPDF|s124 Ko|uhttps://publications.gc.ca/collections/collection_2012/ccs-hcc/H174-36-2006-fra.pdf |